Представление документа в формате RUSMARC

ПолеНазваниеЗначение
  Тип записи a
  Библиографический уровень m
001 Контрольный номер UONB/MAIN/c2b605bd89f14f659090ade4b68761bb
005 Дата корректировки 20260514095911.5
010 Индекс ISBN __
d Цена 1 р. 20 к.
9 Тираж 2000 экз.
100 Данные общей обработки __
a Данные общей обработки 20260514d1986 u u0rusy0189 ca
101 Язык документа 0_
a Язык текста rus
102 Страна публикации __
a Страна публикации RU
105 Кодированные данные (монография) __
a Кодированные данные (монография) y z 001yy
200 Заглавие и сведения об ответственности 1_
a Заглавие Критика современных буржуазных фальсификаций философского наследия украинских революционных демократов
f Первые сведения об ответственности В. Т. Шпак
203 Вид содержания и тип средства __
a Вид содержания Текст
b Характеристика содержания визуальный
c Тип средства непосредственный
210 Выходные данные 1_
a Место издания Киев
c Издательство Вища школа
d Дата издания 1986
215 Физическое описание __
a Объем 124, [2] с.
d Формат 20 см
320 Библиография __
a Библиография Библиогр.: с. 120-125
606 Тематические рубрики 0_
a Основная рубрика Украинские революционные демократы
x Основная подрубрика Философские взгляды
x Основная подрубрика Буржуазная критика
610 Ключевые слова 0_
a Ключевые слова украинские революционные демократы; философские взгляды; буржуазная критика
686 Индексы других классификаций __
a Классификационный индекс 87.3(2Ук)5
2 Код системы rubbk
700 Автор _1
a Фамилия Шпак
b Имя (инициалы) В. Т.
g Полное личное имя Владимир Тимофеевич
801 Источник записи _0
a Страна RU
b Организация Ульяновская ОНБ
c Дата составления 20250514
g Правила каталогизации RCR
801 Источник записи _1
a Страна RU
b Организация Ульяновская ОНБ
c Дата составления 20250514
g Правила каталогизации RCR
901 Тип документа __
t Тип документа m
909 Создатель записи __
a Создатель записи Горбункова
b Дата создания записи 20250514